MARC details
| 000 -LEADER |
| campo de control de longitud fija |
01722cam a2200469 a 4500 |
| 001 - NÚMERO DE CONTROL |
| campo de control |
73490 |
| 005 - FECHA Y HORA DE LA ÚLTIMA TRANSACCIÓN |
| campo de control |
20230410132804.0 |
| 008 - DATOS DE LONGITUD FIJA--INFORMACIÓN GENERAL |
| campo de control de longitud fija |
091205s1999 txua b 001 0 eng |
| 010 ## - NÚMERO DE CONTROL DE LA BIBLIOTECA DEL CONGRESO |
| Número de control de LC |
98085056 |
| 035 ## - NÚMERO DE CONTROL DEL SISTEMA |
| Número de control de sistema |
(OCoLC)ocm40666192 |
| 040 ## - FUENTE DE CATALOGACIÓN |
| Centro catalogador/agencia de origen |
DLC |
| Centro/agencia transcriptor |
DLC |
| Centro/agencia modificador |
NTG |
| -- |
IMF |
| -- |
NLGGC |
| -- |
BTCTA |
| -- |
YDXCP |
| 020 ## - NÚMERO INTERNACIONAL ESTÁNDAR DEL LIBRO |
| Número Internacional Estándar del Libro |
0030222990 |
| 020 ## - NÚMERO INTERNACIONAL ESTÁNDAR DEL LIBRO |
| Número Internacional Estándar del Libro |
9780030222993 |
| 029 1# - OTRO NÚMERO DE CONTROL DE SISTEMA (OCLC) |
| Identificador de la biblioteca OCLC |
NLGGC |
| Número de control de sistema |
183709128 |
| 029 1# - OTRO NÚMERO DE CONTROL DE SISTEMA (OCLC) |
| Identificador de la biblioteca OCLC |
YDXCP |
| Número de control de sistema |
100155806 |
| 029 1# - OTRO NÚMERO DE CONTROL DE SISTEMA (OCLC) |
| Identificador de la biblioteca OCLC |
NZ1 |
| Número de control de sistema |
2557727 |
| 029 1# - OTRO NÚMERO DE CONTROL DE SISTEMA (OCLC) |
| Identificador de la biblioteca OCLC |
AU@ |
| Número de control de sistema |
000014505183 |
| 029 1# - OTRO NÚMERO DE CONTROL DE SISTEMA (OCLC) |
| Identificador de la biblioteca OCLC |
AU@ |
| Número de control de sistema |
000020027266 |
| 035 ## - NÚMERO DE CONTROL DEL SISTEMA |
| Número de control de sistema |
(OCoLC)40666192 |
| 050 14 - SIGNATURA TOPOGRÁFICA DE LA BIBLIOTECA DEL CONGRESO |
| Número de clasificación |
QH 308.2 |
| Número de ítem |
S689b 1999 |
| 082 00 - NÚMERO DE LA CLASIFICACIÓN DECIMAL DEWEY |
| Número de clasificación |
570 |
| 049 ## - FONDOS LOCALES (OCLC) |
| Biblioteca depositaria |
GRAL |
| 100 1# - ENTRADA PRINCIPAL--NOMBRE DE PERSONA |
| Nombre de persona |
Solomon, Eldra Pearl. |
| 245 10 - MENCIÓN DEL TÍTULO |
| Título |
Biology / |
| Mención de responsabilidad, etc. |
Eldra Pearl Solomon, Linda R. Berg, Diana W. Martin. |
| 250 ## - MENCION DE EDICION |
| Mención de edición |
5a ed. |
| 260 ## - PUBLICACIÓN, DISTRIBUCIÓN, ETC. |
| Lugar de publicación, distribución, etc. |
Fort Worth : |
| Nombre del editor, distribuidor, etc. |
Saunders College Pub., |
| Fecha de publicación, distribución, etc. |
c1999. |
| 300 ## - DESCRIPCIÓN FÍSICA |
| Extensión |
xxxi, 1232 p. : |
| Otras características físicas |
ill. (some col.) ; |
| Dimensiones |
29 cm. |
| 500 ## - NOTA GENERAL |
| Nota general |
Rev. ed. of: Biology / Eldra Pearl Solomon ... [et al.]. 4th ed. c1996. |
| 504 ## - NOTA DE BIBLIOGRAFÍA, ETC. |
| Nota de bibliografía, etc. |
Includes bibliographical references and index. |
| 505 0# - NOTA DE CONTENIDO CON FORMATO |
| Nota de contenido con formato |
pt. 1. The organization of life -- pt. 2. Energy transfer through living systems -- pt. 3. The continuity of life: genetics -- pt. 4. The continuity of life: evolution -- pt. 5. The diversity of life -- pt. 6. Structure and life processes in plants -- pt. 7. Structure and life processes in animals -- pt. 8. The interactions of life: ecology. |
| 650 #0 - PUNTO DE ACCESO ADICIONAL DE MATERIA--TÉRMINO DE MATERIA |
| Término de materia o nombre geográfico como elemento de entrada |
Biology. |
| 650 17 - PUNTO DE ACCESO ADICIONAL DE MATERIA--TÉRMINO DE MATERIA |
| Término de materia o nombre geográfico como elemento de entrada |
Biologie. |
| Fuente del encabezamiento o término |
gtt |
| 650 #4 - PUNTO DE ACCESO ADICIONAL DE MATERIA--TÉRMINO DE MATERIA |
| Término de materia o nombre geográfico como elemento de entrada |
Biologia. |
| 700 1# - ENTRADA AGREGADA--NOMBRE PERSONAL |
| Nombre de persona |
Berg, Linda R. |
| 700 1# - ENTRADA AGREGADA--NOMBRE PERSONAL |
| Nombre de persona |
Martin, Diana W. |
| 730 0# - ASIENTO SECUNDARIO--TITULO UNIFORME |
| Título uniforme |
Biology. |
| 938 ## - |
| -- |
Baker and Taylor |
| -- |
BTCP |
| -- |
98085056 |
| 938 ## - |
| -- |
YBP Library Services |
| -- |
YANK |
| -- |
100155806 |
| 942 ## - ELEMENTOS DE ENTRADA SECUNDARIOS (KOHA) |
| Fuente del sistema de clasificación o colocación |
Clasificación de Library of Congress |
| Tipo de ítem Koha |
|
| 946 ## - PROCESAMIENTO DE INFORMACIÓN LOCAL (OCLC) |
| a |
afj |
| 994 ## - |
| -- |
C0 |
| -- |
DRFGD |